Statistiques concernant Culture Générale - Série 2366

Cliquez ici pour prendre le quiz!

Statistiques générales

  • Ce quiz a été pris 106 fois
  • Le résultat moyen est 5 sur 10

Statistiques - réponses

QuestionRéponse% Correct
Dans quel pays le Rhône prend-il sa source ?Suisse
92%
Dans quel pays européen se trouve la ville d'Odessa ?Ukraine
79%
Dans quel pays se situe l'action du roman "Pour qui sonne le glas" d'Ernest Hemingway ? voir photoEspagne
52%
Sous quel nom connait-on mieux le sage chinois K'ong Tseu qui fonda une école de sagesse ?Confucius
49%
Dans la religion catholique quel mot est associé à Nicée,Latran, Trente ?concile
42%
Avant Zeus, quel dieu commandait à toutes choses et à toutes gens ?Cronos
33%
Terme russe général désignant un grand traîneau ou voiture, tiré par un attelage de trois chevaux.troïka
32%
Qui est "Une ravissante idiote" dans le film du même nom réalisé en 1964 par Édouard Molinaro ? prénom et nomBrigitte Bardot
29%
Javelot lourd utilisé par les légions romaines - 5 lettres commençant par " p "pilum
27%
Dans la mythologie grecque comment appelait-on le fleuve qui charriait des paillettes d'or ?pactole
21%

Distribution des résultats

Percentile par nombre de réponses

% des personnes avec chaque résultat

Votre développement - résultats

Vous n’avez pas pris ce quiz